[Event "RUS-chT Premier 2021"]
[White "Faizrakhmanov,Ramil"]
[Black "Vetokhin,Savva"]
[WhiteTeam "Ладья"]
[BlackTeam "Школа М. Ботвинника"]
[Site "Sochi"]
[Round "2.6"]
[Annotator "ChessBase"]
[Result "1/2-1/2"]
[Date "2021.05.02"]
[WhiteElo "2477"]
[BlackElo "2261"]
[PlyCount "106"]
[TimeControl "60"]

1. d4 {[%emt 0:0:0]} Nf6 2. c4 {[%emt 0:0:0]} e6 {[%emt 0:0:0]} 3. Nf3 {[%emt 0:0:4]
} d5 {[%emt 0:0:0]} 4. Nc3 {[%emt 0:0:35]} Bb4 {[%emt 0:0:11]
} 5. Qa4+ {[%emt 0:1:6]} Nc6 {[%emt 0:0:19]} 6. e3 {[%emt 0:0:27]} 0-0 {[%emt 0:0:38]
} 7. Bd2 {[%emt 0:0:46]} dxc4 {[%emt 0:0:9]} 8. Bxc4 {[%emt 0:0:0]} Bd6 {[%emt 0:0:8]} 9. Rd1 {[%emt 0:2:31]} e5 {[%emt 0:2:8]} 10. dxe5 {[%emt 0:1:48]} Nxe5 {[%emt 0:3:13]} 11. Nxe5 {[%emt 0:0:38]} Bxe5 {[%emt 0:0:5]
} 12. h3 {[%emt 0:1:11]} Qe7 {[%emt 0:1:55]} 13. Qc2 {[%emt 0:0:0]} Be6 {[%emt 0:4:32]} 14. Bd3 {[%emt 0:0:26]} Rfd8 {[%emt 0:0:40]} 15. 0-0 {[%emt 0:1:15]} Qd7 {[%emt 0:2:36]} 16. Be1 {[%emt 0:2:31]} Qc6 {[%emt 0:1:5]
} 17. f4 {[%emt 0:8:26]} Bxc3 {[%emt 0:6:6]} 18. Bxc3 {[%emt 0:1:58]
} Bc4 {[%emt 0:10:50]} 19. Bxf6 {[%emt 0:6:55]} Rxd3 {[%emt 0:0:0]} 20. Rxd3 {[%emt 0:0:42]} Bxd3 {[%emt 0:0:6]} 21. Qxc6 {[%emt 0:0:0]} bxc6 {[%emt 0:0:7]} 22. Rd1 {[%emt 0:0:8]} Bc4 {[%emt 0:0:6]} 23. Bd4 {[%emt 0:1:56]} Bxa2 {[%emt 0:0:18]} 24. Bxa7 {[%emt 0:0:36]} Bd5 {[%emt 0:2:28]
} 25. Bd4 {[%emt 0:0:21]} f6 {[%emt 0:4:56]} 26. Kf2 {[%emt 0:0:0]} Kf7 {[%emt 0:0:8]} 27. Bc3 {[%emt 0:3:21]} h5 {[%emt 0:2:43]} 28. Rd4 {[%emt 0:1:1]} f5 {[%emt 0:6:50]} 29. g4 {[%emt 0:3:50]} hxg4 {[%emt 0:0:0]} 30. hxg4 {[%emt 0:0:7]} g6 {[%emt 0:0:22]} 31. g5 {[%emt 0:1:35]} Ke6 {[%emt 0:4:45]} 32. Rd1 {[%emt 0:1:29]} c5 {[%emt 0:5:35]} 33. Be5 {[%emt 0:3:30]
} c6 {[%emt 0:1:18]} 34. Rc1 {[%emt 0:1:7]} c4 {[%emt 0:6:21]
} 35. Kg3 {[%emt 0:2:0]} Ra7 {[%emt 0:2:39]} 36. Bd4 {[%emt 0:1:6]} Ra6 {[%emt 0:0:15]
} 37. Rd1 {[%emt 0:1:19]} Ra8 {[%emt 0:0:31]} 38. Kf2 {[%emt 0:0:0]} Ra2 {[%emt 0:0:39]} 39. Ke2 {[%emt 0:0:50]} Ra5 {[%emt 0:1:7]} 40. Kd2 {[%emt 0:0:0]} Ra6 {[%emt 0:0:0]} 41. Kc3 {[%emt 0:1:34]} Ra5 {[%emt 0:0:56]
} 42. Rc1 {[%emt 0:1:29]} Ra8 {[%emt 0:0:16]} 43. Rc2 {[%emt 0:0:0]} Ra1 {[%emt 0:0:7]} 44. Kb4 Rb1 {[%emt 0:0:55]} 45. Kc5 {[%emt 0:0:0]} Rd1 {[%emt 0:1:20]} 46. Rc3 {[%emt 0:0:48]} Rd3 {[%emt 0:0:8]} 47. Ra3 {[%emt 0:2:55]} Rb3 {[%emt 0:0:6]} 48. Ra5 {[%emt 0:0:33]} Rb5+ {[%emt 0:0:0]} 49. Rxb5 {[%emt 0:0:5]} cxb5 {[%emt 0:0:5]} 50. Kxb5 {[%emt 0:0:0]} Kf7 {[%emt 0:0:43]} 51. Kc5 {[%emt 0:2:45]} Be6 {[%emt 0:0:2]} 52. Bf6 {[%emt 0:1:15]} Kg8 {[%emt 0:0:9]} 53. Kd6 {[%emt 0:0:17]} Kf7 {[%emt 0:0:0]} 1/2-1/2

[Event "RUS-chT Premier 2021"]
[White "Truskavetsky,Alexandr"]
[Black "Motylev,Alexander"]
[WhiteTeam "Киммерия"]
[BlackTeam "Гоголевский, 14"]
[Site "Sochi"]
[Round "2.7"]
[Annotator "ChessBase"]
[Result "0-1"]
[Date "2021.05.02"]
[WhiteElo "2387"]
[BlackElo "2641"]
[PlyCount "92"]
[TimeControl "60"]

1. d4 {[%emt 0:0:0]} Nf6 {[%emt 0:0:0]} 2. Nf3 {[%emt 0:0:0]} d5 {[%emt 0:0:0]
} 3. c4 {[%emt 0:1:51]} e6 {[%emt 0:0:17]} 4. g3 {[%emt 0:0:0]} Bb4+ {[%emt 0:0:8]} 5. Bd2 {[%emt 0:0:16]} Be7 {[%emt 0:0:6]} 6. Bg2 {[%emt 0:0:20]} 0-0 {[%emt 0:0:6]} 7. 0-0 {[%emt 0:0:43]} Nbd7 {[%emt 0:0:0]} 8. Qc2 {[%emt 0:3:6]} c6 {[%emt 0:0:28]} 9. Bf4 {[%emt 0:3:53]} a5 {[%emt 0:1:36]
} 10. Rd1 {[%emt 0:6:1]} h6 {[%emt 0:1:12]} 11. Nc3 {[%emt 0:0:0]} dxc4 {[%emt 0:6:25]} 12. e4 {[%emt 0:5:27]} a4 {[%emt 0:1:12]} 13. a3 {[%emt 0:3:48]} Qa5 {[%emt 0:7:22]} 14. Qe2 {[%emt 0:1:50]} Qa6 {[%emt 0:0:0]} 15. d5 {[%emt 0:1:57]} exd5 {[%emt 0:8:29]} 16. exd5 {[%emt 0:2:6]} Re8 {[%emt 0:2:14]} 17. dxc6 {[%emt 0:2:49]} bxc6 {[%emt 0:0:45]} 18. Nd4 {[%emt 0:0:54]
} Bf8 {[%emt 0:9:15]} 19. Qf3 {[%emt 0:11:40]} Nc5 {[%emt 0:0:0]} 20. Qxc6 {[%emt 0:3:0]} Bg4 {[%emt 0:4:16]} 21. Re1 {[%emt 0:11:18]} Rec8 {[%emt 0:4:13]} 22. Qxa6 {[%emt 0:8:15]} Rxa6 {[%emt 0:0:24]} 23. Ndb5 {[%emt 0:13:18]} Rd8 {[%emt 0:21:23]} 24. Nc7 {[%emt 0:0:51]} Rb6 {[%emt 0:0:0]} 25. N7d5 {[%emt 0:2:18]} Nxd5 {[%emt 0:3:34]} 26. Bxd5 {[%emt 0:0:23]} Rxb2 {[%emt 0:1:24]} 27. Bxc4 {[%emt 0:0:21]} Rc2 {[%emt 0:3:48]} 28. Rac1 {[%emt 0:1:11]
} Rxc1 {[%emt 0:0:37]} 29. Bxc1 {[%emt 0:1:54]} Nb3 {[%emt 0:0:0]} 30. Nxa4 {[%emt 0:1:50]} Nd4 {[%emt 0:0:46]} 31. Kg2 {[%emt 0:0:59]} Bf3+ {[%emt 0:3:20]} 32. Kh3 {[%emt 0:0:59]} g5 {[%emt 0:0:25]} 33. g4 {[%emt 0:0:46]
} h5 {[%emt 0:0:48]} 34. gxh5 {[%emt 0:0:43]} g4+ {[%emt 0:0:0]} 35. Kg3 {[%emt 0:0:22]} Bd6+ {[%emt 0:0:53]} 36. Kh4 {[%emt 0:0:5]} Bc6 {[%emt 0:0:36]} 37. Bg5 {[%emt 0:0:41]} Rb8 {[%emt 0:1:40]} 38. Rd1 {[%emt 0:0:45]
} Nf3+ {[%emt 0:1:4]} 39. Kxg4 {[%emt 0:0:10]} Ne5+ {[%emt 0:0:0]} 40. Kf5 {[%emt 0:0:0]} Nxc4 {[%emt 0:0:0]} 41. Nc3 {[%emt 0:1:51]} Bd7+ {[%emt 0:11:1]} 42. Ke4 {[%emt 0:0:24]} Re8+ {[%emt 0:1:27]} 43. Kd4 {[%emt 0:0:20]
} Nb2 {[%emt 0:2:0]} 44. Rg1 {[%emt 0:1:10]} Bxh2 {[%emt 0:0:0]} 45. Rg2 {[%emt 0:1:50]} Be5+ {[%emt 0:0:19]} 46. Kd5 {[%emt 0:0:33]} Be6+ {[%emt 0:1:18]} 0-1

[Event "RUS-chT Premier 2021"]
[White "Goryachkina,Aleksandra"]
[Black "Musalov,Ruslan"]
[WhiteTeam "Гоголевский, 14"]
[BlackTeam "Киммерия"]
[Site "Sochi"]
[Round "2.8"]
[Annotator "ChessBase"]
[Result "1-0"]
[Date "2021.05.02"]
[WhiteElo "2593"]
[BlackElo "2359"]
[PlyCount "115"]
[TimeControl "60"]

1. d4 {[%emt 0:0:0]} d5 {[%emt 0:1:23]} 2. c4 {[%emt 0:0:0]} e6 {[%emt 0:0:0]} 3. Nc3 {[%emt 0:0:19]} Nf6 {[%emt 0:0:8]} 4. cxd5 {[%emt 0:0:35]} exd5 {[%emt 0:1:1]} 5. Bg5 {[%emt 0:0:16]} Nbd7 {[%emt 0:1:42]} 6. e3 {[%emt 0:1:58]
} h6 {[%emt 0:3:13]} 7. Bf4 {[%emt 0:8:4]} a6 {[%emt 0:9:33]} 8. Bd3 {[%emt 0:3:35]} c5 {[%emt 0:0:32]} 9. dxc5 {[%emt 0:2:1]} Nxc5 {[%emt 0:2:2]
} 10. Nge2 {[%emt 0:1:12]} Be7 {[%emt 0:1:4]} 11. 0-0 {[%emt 0:2:19]
} 0-0 {[%emt 0:1:8]} 12. Rc1 {[%emt 0:4:33]} Be6 {[%emt 0:0:0]} 13. Nd4 {[%emt 0:6:18]} Qd7 {[%emt 0:4:35]} 14. Bb1 {[%emt 0:3:10]} Rac8 {[%emt 0:3:51]} 15. h3 {[%emt 0:1:0]} b5 {[%emt 0:3:26]} 16. a3 {[%emt 0:2:0]
} Nce4 {[%emt 0:1:9]} 17. Nxe6 {[%emt 0:6:26]} Qxe6 {[%emt 0:0:0]} 18. Ne2 {[%emt 0:1:44]} Rxc1 {[%emt 0:3:14]} 19. Qxc1 {[%emt 0:0:49]
} Rc8 {[%emt 0:0:49]} 20. Qd1 {[%emt 0:0:11]} Bf8 {[%emt 0:9:46]} 21. Nd4 {[%emt 0:4:52]
} Qb6 {[%emt 0:6:21]} 22. Be5 {[%emt 0:5:13]} Nd7 {[%emt 0:0:0]} 23. Qg4 {[%emt 0:9:9]} Rd8 {[%emt 0:4:32]} 24. Bf4 {[%emt 0:1:13]} Ndf6 {[%emt 0:1:40]} 25. Qe2 {[%emt 0:1:11]} Rc8 {[%emt 0:2:17]} 26. Rd1 {[%emt 0:1:31]
} g6 {[%emt 0:5:22]} 27. Ba2 {[%emt 0:2:58]} Kh7 {[%emt 0:0:0]} 28. Qf3 {[%emt 0:6:4]} Re8 {[%emt 0:1:52]} 29. Nc2 {[%emt 0:3:18]} a5 {[%emt 0:4:47]} 30. Nd4 {[%emt 0:2:45]} Bg7 {[%emt 0:1:16]} 31. Qe2 {[%emt 0:4:20]
} b4 {[%emt 0:0:8]} 32. Qc2 {[%emt 0:2:15]} Nc5 {[%emt 0:0:0]} 33. Rc1 {[%emt 0:1:58]} Bf8 {[%emt 0:0:7]} 34. a4 {[%emt 0:4:40]} Qb7 {[%emt 0:1:31]} 35. Nb5 {[%emt 0:1:8]} Qd7 {[%emt 0:0:16]} 36. Bc7 {[%emt 0:1:41]
} Nb7 {[%emt 0:1:54]} 37. Bb6 {[%emt 0:2:36]} Re6 {[%emt 0:0:0]} 38. Bd4 {[%emt 0:1:4]} Bc5 {[%emt 0:1:2]} 39. Bxf6 {[%emt 0:3:3]} Rxf6 {[%emt 0:0:7]} 40. Rd1 {[%emt 0:0:0]} Rf5 {[%emt 0:0:0]} 41. Qd2 {[%emt 0:5:31]
} Nd6 {[%emt 0:7:40]} 42. Nxd6 {[%emt 0:1:54]} Qxd6 {[%emt 0:0:0]} 43. Bxd5 {[%emt 0:0:52]} Qe5 {[%emt 0:0:21]} 44. Bf3 {[%emt 0:4:38]} Ba7 {[%emt 0:1:13]} 45. Qd7 {[%emt 0:5:57]} Bxe3 {[%emt 0:3:53]} 46. Rd5 {[%emt 0:10:33]
} Qg3 {[%emt 0:0:36]} 47. Rxf5 {[%emt 0:1:42]} Qxf2+ {[%emt 0:0:0]} 48. Kh2 {[%emt 0:0:1]} Qg1+ {[%emt 0:0:43]} 49. Kg3 {[%emt 0:0:2]} Qf2+ {[%emt 0:0:35]} 50. Kh2 {[%emt 0:4:12]} Qg1+ {[%emt 0:0:8]} 51. Kg3 {[%emt 0:0:2]
} Qf2+ {[%emt 0:0:7]} 52. Kg4 {[%emt 0:0:58]} gxf5+ {[%emt 0:0:0]} 53. Kh5 {[%emt 0:0:53]} Kg7 {[%emt 0:2:0]} 54. Bd5 {[%emt 0:0:27]} Qg3 {[%emt 0:1:40]} 55. Qxf7+ {[%emt 0:0:11]} Kh8 {[%emt 0:0:0]} 56. Qf8+ {[%emt 0:0:21]
} Kh7 {[%emt 0:0:4]} 57. Qxf5+ {[%emt 0:0:16]} Kh8 {[%emt 0:0:0]} 58. Qf8+ {[%emt 0:0:6]} 1-0

[Event "RUS-chT Premier 2021"]
[White "Alexeev,Alexey"]
[Black "Kobalia,Mikhail"]
[WhiteTeam "Киммерия"]
[BlackTeam "Гоголевский, 14"]
[Site "Sochi"]
[Round "2.9"]
[Annotator "ChessBase"]
[Result "0-1"]
[Date "2021.05.02"]
[WhiteElo "2243"]
[BlackElo "2587"]
[PlyCount "112"]
[TimeControl "60"]

1. e4 {[%emt 0:0:0]} c6 {[%emt 0:0:0]} 2. d4 {[%emt 0:0:20]} d5 {[%emt 0:0:0]} 3. e5 {[%emt 0:0:36]} Bf5 {[%emt 0:0:14]} 4. Nf3 {[%emt 0:0:19]} e6 {[%emt 0:0:4]} 5. Be2 {[%emt 0:0:9]} Ne7 {[%emt 0:0:55]} 6. 0-0 {[%emt 0:0:0]} Nd7 {[%emt 0:0:12]} 7. Nbd2 {[%emt 0:0:19]} Bg6 {[%emt 0:3:24]} 8. Nb3 {[%emt 0:0:33]} Nf5 {[%emt 0:0:9]} 9. Bd2 {[%emt 0:1:34]} Rc8 {[%emt 0:0:0]} 10. Rc1 {[%emt 0:0:48]} Be7 {[%emt 0:0:50]} 11. g4 {[%emt 0:5:46]} Nh6 {[%emt 0:0:35]} 12. h3 {[%emt 0:4:49]} 0-0 {[%emt 0:1:36]} 13. Be3 {[%emt 0:3:8]
} f6 {[%emt 0:17:11]} 14. exf6 {[%emt 0:2:36]} Rxf6 {[%emt 0:0:0]} 15. g5 {[%emt 0:1:33]} Rxf3 {[%emt 0:0:19]} 16. Bxf3 {[%emt 0:0:30]} Bxg5 {[%emt 0:0:40]} 17. Qd2 {[%emt 0:5:59]} Nf7 {[%emt 0:3:46]} 18. Bg4 {[%emt 0:3:41]
} Qf6 {[%emt 0:1:16]} 19. Rce1 {[%emt 0:4:33]} Re8 {[%emt 0:0:0]} 20. Bxg5 {[%emt 0:8:27]} Nxg5 {[%emt 0:0:34]} 21. f4 {[%emt 0:0:11]} Ne4 {[%emt 0:0:36]} 22. Qg2 {[%emt 0:0:15]} Nb6 {[%emt 0:3:29]} 23. c3 {[%emt 0:6:47]
} Nc4 {[%emt 0:7:13]} 24. Nc5 {[%emt 0:3:26]} Ncd2 {[%emt 0:0:0]} 25. Nxe4 {[%emt 0:1:40]} Nxe4 {[%emt 0:0:12]} 26. Bf3 {[%emt 0:1:43]} Rf8 {[%emt 0:4:24]} 27. Bxe4 {[%emt 0:1:51]} Bxe4 {[%emt 0:3:11]} 28. Qg5 {[%emt 0:0:24]
} Qf7 {[%emt 0:0:8]} 29. Kh2 {[%emt 0:12:42]} Qd7 {[%emt 0:0:0]} 30. Re3 {[%emt 0:4:20]} Rf5 {[%emt 0:1:44]} 31. Qh4 {[%emt 0:0:54]} Rf6 {[%emt 0:4:14]} 32. Rg3 {[%emt 0:0:48]} Bg6 {[%emt 0:9:42]} 33. Rg5 {[%emt 0:1:32]
} Qf7 {[%emt 0:0:26]} 34. Re5 {[%emt 0:5:11]} Be4 {[%emt 0:0:0]} 35. Qg3 {[%emt 0:9:48]} h6 {[%emt 0:2:53]} 36. Rf2 {[%emt 0:4:6]} Kh8 {[%emt 0:2:54]} 37. Qh4 {[%emt 0:0:54]} Kg8 {[%emt 0:2:13]} 38. Kg1 {[%emt 0:0:50]
} b6 {[%emt 0:1:1]} 39. a3 {[%emt 0:0:36]} c5 {[%emt 0:0:28]} 40. Qh5 {[%emt 0:0:0]} Qxh5 {[%emt 0:0:0]} 41. Rxh5 {[%emt 0:2:54]} cxd4 {[%emt 0:9:32]
} 42. cxd4 {[%emt 0:0:16]} Bf5 {[%emt 0:0:57]} 43. Rf3 {[%emt 0:1:20]
} Kh7 {[%emt 0:3:53]} 44. Rc3 {[%emt 0:1:20]} Kg6 {[%emt 0:0:0]} 45. Rh4 {[%emt 0:0:28]} Rf8 {[%emt 0:1:58]} 46. Kf2 {[%emt 0:4:0]} h5 {[%emt 0:2:57]} 47. Rc7 {[%emt 0:2:19]} a5 {[%emt 0:1:9]} 48. Rb7 {[%emt 0:0:0]} Kh6 {[%emt 0:5:21]} 49. Rxb6 {[%emt 0:1:14]} Rc8 {[%emt 0:0:41]} 50. Kg3 {[%emt 0:0:35]} Rc1 {[%emt 0:0:34]} 51. Rb8 {[%emt 0:0:24]} g6 {[%emt 0:0:0]} 52. Rh8+ {[%emt 0:5:11]} Kg7 {[%emt 0:0:1]} 53. Ra8 {[%emt 0:0:15]} Rb1 {[%emt 0:2:8]} 54. Rxa5 {[%emt 0:1:15]} Rxb2 {[%emt 0:0:5]} 55. Ra7+ {[%emt 0:0:5]
} Kf6 {[%emt 0:2:13]} 56. Ra4 {[%emt 0:5:30]} Be4 {[%emt 0:0:0]} 0-1

[Event "RUS-chT Premier 2021"]
[White "Murzin,Volodar"]
[Black "Babakekhyan,Artem"]
[WhiteTeam "Гоголевский, 14"]
[BlackTeam "Киммерия"]
[Site "Sochi"]
[Round "2.10"]
[Annotator "ChessBase"]
[Result "1-0"]
[Date "2021.05.02"]
[WhiteElo "2478"]
[BlackElo "2214"]
[PlyCount "59"]
[TimeControl "60"]

1. e4 {[%emt 0:0:0]} c5 {[%emt 0:0:0]} 2. Nf3 {[%emt 0:0:0]} d6 {[%emt 0:0:0]} 3. d4 {[%emt 0:0:0]} cxd4 {[%emt 0:0:0]} 4. Qxd4 {[%emt 0:0:0]} Nc6 {[%emt 0:0:24]} 5. Qe3 {[%emt 0:0:0]} Nf6 {[%emt 0:12:10]} 6. Be2 {[%emt 0:1:12]
} g6 {[%emt 0:5:25]} 7. 0-0 {[%emt 0:0:41]} Bg7 {[%emt 0:0:58]
} 8. Rd1 {[%emt 0:0:15]} Ng4 {[%emt 0:4:23]} 9. Qb3 {[%emt 0:6:5]} Be6 {[%emt 0:8:4]
} 10. Qxb7 {[%emt 0:5:43]} Na5 {[%emt 0:1:22]} 11. Qa6 {[%emt 0:0:28]
} Qc7 {[%emt 0:8:58]} 12. h3 {[%emt 0:6:57]} Ne5 {[%emt 0:0:0]} 13. Nxe5 {[%emt 0:5:59]} Bxe5 {[%emt 0:0:23]} 14. Bd2 {[%emt 0:2:44]} Nc4 {[%emt 0:6:25]} 15. Bxc4 {[%emt 0:6:10]} Bxc4 {[%emt 0:9:21]} 16. Qa4+ {[%emt 0:0:19]
} Kf8 {[%emt 0:0:9]} 17. Bc3 {[%emt 0:0:25]} Rb8 {[%emt 0:0:0]} 18. Bxe5 {[%emt 0:18:27]} dxe5 {[%emt 0:0:43]} 19. Rd7 {[%emt 0:2:12]} Qc8 {[%emt 0:3:57]} 20. Rxa7 {[%emt 0:1:12]} Kg7 {[%emt 0:6:51]} 21. Qa3 {[%emt 0:12:44]
} Rd8 {[%emt 0:2:6]} 22. Nc3 {[%emt 0:0:16]} Rd2 {[%emt 0:0:0]} 23. Qxe7 {[%emt 0:1:2]} Be6 {[%emt 0:3:50]} 24. Qg5 {[%emt 0:7:57]} Rxc2 {[%emt 0:2:37]} 25. Qxe5+ {[%emt 0:0:9]} Kg8 {[%emt 0:0:15]} 26. Rc7 {[%emt 0:0:55]
} Qd8 {[%emt 0:3:0]} 27. Nd5 {[%emt 0:0:25]} Rxc7 {[%emt 0:0:0]} 28. Nxc7 {[%emt 0:0:6]} Rb6 {[%emt 0:2:6]} 29. Nd5 {[%emt 0:1:27]} Bxd5 {[%emt 0:0:20]} 30. exd5 {[%emt 0:0:2]} 1-0

[Event "RUS-chT Premier 2021"]
[White "Pervakov,Sergey"]
[Black "Savchenko,Boris"]
[WhiteTeam "Киммерия"]
[BlackTeam "Гоголевский, 14"]
[Site "Sochi"]
[Round "2.11"]
[Annotator "ChessBase"]
[Result "0-1"]
[Date "2021.05.02"]
[WhiteElo "2056"]
[BlackElo "2552"]
[PlyCount "66"]
[TimeControl "60"]

1. e4 {[%emt 0:0:0]} c5 {[%emt 0:0:0]} 2. a3 {[%emt 0:0:0]} e6 {[%emt 0:0:0]} 3. b4 {[%emt 0:0:0]} cxb4 {[%emt 0:0:0]} 4. axb4 {[%emt 0:0:0]} Bxb4 {[%emt 0:0:0]} 5. Bb2 {[%emt 0:0:4]} Bf8 {[%emt 0:0:0]} 6. Ra3 {[%emt 0:6:20]
} Nc6 {[%emt 0:5:13]} 7. Rg3 {[%emt 0:7:4]} Nf6 {[%emt 0:0:0]} 8. e5 {[%emt 0:10:42]} Ne4 {[%emt 0:3:20]} 9. Re3 {[%emt 0:1:12]} Qb6 {[%emt 0:3:32]
} 10. Ba3 {[%emt 0:11:55]} d5 {[%emt 0:5:28]} 11. Bxf8 {[%emt 0:0:0]} Rxf8 {[%emt 0:4:26]} 12. c3 {[%emt 0:7:45]} Qb2 {[%emt 0:17:2]} 13. f3 {[%emt 0:4:39]} Nc5 {[%emt 0:1:14]} 14. d4 {[%emt 0:1:5]} Na4 {[%emt 0:0:0]} 15. Ne2 {[%emt 0:11:7]} Bd7 {[%emt 0:1:55]} 16. Nf4 {[%emt 0:1:11]} Na5 {[%emt 0:3:14]} 17. Be2 {[%emt 0:6:8]} Rc8 {[%emt 0:1:8]} 18. 0-0 {[%emt 0:2:18]
} Nxc3 {[%emt 0:2:39]} 19. Nxc3 {[%emt 0:2:48]} Rxc3 {[%emt 0:0:0]} 20. Rxc3 {[%emt 0:0:46]} Qxc3 {[%emt 0:0:6]} 21. Nh5 {[%emt 0:1:8]
} Nb3 {[%emt 0:0:25]} 22. Nxg7+ {[%emt 0:2:57]} Ke7 {[%emt 0:0:41]} 23. Kh1 {[%emt 0:0:29]} Nxd4 {[%emt 0:0:23]} 24. Bd3 {[%emt 0:3:51]} Rg8 {[%emt 0:0:0]} 25. Nh5 {[%emt 0:0:35]} Rg5 {[%emt 0:0:44]} 26. f4 {[%emt 0:1:39]} Rxh5 {[%emt 0:1:6]} 27. Qxh5 {[%emt 0:0:23]} Qxd3 {[%emt 0:0:8]} 28. Qg5+ {[%emt 0:0:52]} Kf8 {[%emt 0:0:9]} 29. Qd8+ {[%emt 0:3:12]} Be8 {[%emt 0:0:0]} 30. Qd6+ {[%emt 0:1:53]} Kg7 {[%emt 0:0:29]} 31. Ra1 {[%emt 0:0:22]} Bc6 {[%emt 0:1:2]} 32. h4 {[%emt 0:1:17]} Qg6 {[%emt 0:0:29]} 33. Ra3 {[%emt 0:1:9]
} Nb5 {[%emt 0:0:10]} 0-1

[Event "RUS-chT Premier 2021"]
[White "Shubin,Kirill"]
[Black "Matlakov,Maxim"]
[WhiteTeam "СШОР"]
[BlackTeam "Медный всадник"]
[Site "Sochi"]
[Round "2.13"]
[Annotator "ChessBase"]
[Result "1/2-1/2"]
[Date "2021.05.02"]
[WhiteElo "2466"]
[BlackElo "2688"]
[PlyCount "82"]
[TimeControl "60"]

1. e4 {[%emt 0:0:0]} c5 {[%emt 0:0:0]} 2. Nf3 {[%emt 0:0:0]} d6 {[%emt 0:0:0]} 3. Bb5+ {[%emt 0:0:0]} Nd7 {[%emt 0:0:31]} 4. Ba4 {[%emt 0:0:2]} Ngf6 {[%emt 0:1:5]} 5. 0-0 {[%emt 0:0:10]} e6 {[%emt 0:0:41]} 6. d3 {[%emt 0:0:6]
} Be7 {[%emt 0:2:39]} 7. c4 {[%emt 0:2:24]} 0-0 {[%emt 0:5:37]
} 8. Nc3 {[%emt 0:0:48]} Qc7 {[%emt 0:2:13]} 9. Qe2 {[%emt 0:2:15]} a6 {[%emt 0:4:56]
} 10. h3 {[%emt 0:4:43]} b6 {[%emt 0:4:12]} 11. Nh2 {[%emt 0:0:0]} Bb7 {[%emt 0:24:46]} 12. f4 {[%emt 0:3:0]} Bc6 {[%emt 0:11:46]} 13. Bxc6 {[%emt 0:5:39]} Qxc6 {[%emt 0:0:4]} 14. a4 {[%emt 0:2:19]} Ne8 {[%emt 0:9:2]
} 15. f5 {[%emt 0:6:45]} Bf6 {[%emt 0:2:12]} 16. Bd2 {[%emt 0:0:0]} Bd4+ {[%emt 0:3:8]} 17. Kh1 {[%emt 0:0:7]} Ne5 {[%emt 0:4:25]} 18. Rf4 {[%emt 0:10:13]} Nf6 {[%emt 0:4:5]} 19. g4 {[%emt 0:3:11]} Nfd7 {[%emt 0:3:4]
} 20. Raf1 {[%emt 0:8:29]} Bxc3 {[%emt 0:1:29]} 21. Bxc3 {[%emt 0:0:6]
} b5 {[%emt 0:1:25]} 22. f6 {[%emt 0:9:10]} Nxf6 {[%emt 0:0:0]} 23. g5 {[%emt 0:1:57]} Nfd7 {[%emt 0:2:23]} 24. Qh5 {[%emt 0:1:43]} f6 {[%emt 0:4:50]} 25. Bxe5 {[%emt 0:7:11]} Nxe5 {[%emt 0:0:5]} 26. Rh4 {[%emt 0:1:51]
} h6 {[%emt 0:0:22]} 27. gxf6 {[%emt 0:0:42]} Qe8 {[%emt 0:0:0]} 28. Qe2 {[%emt 0:0:42]} bxc4 {[%emt 0:0:50]} 29. dxc4 {[%emt 0:0:26]} Rxf6 {[%emt 0:2:35]} 30. Rxf6 {[%emt 0:0:22]} gxf6 {[%emt 0:0:1]} 31. Rf4 {[%emt 0:6:23]
} Ra7 {[%emt 0:2:4]} 32. Rxf6 {[%emt 0:0:28]} Kg7 {[%emt 0:0:0]} 33. Rf1 {[%emt 0:0:9]} Kh7 {[%emt 0:0:26]} 34. Ng4 {[%emt 0:1:34]} Nxg4 {[%emt 0:0:5]} 35. hxg4 {[%emt 0:0:16]} Qg6 {[%emt 0:0:34]} 36. Rf2 {[%emt 0:1:46]
} Rg7 {[%emt 0:0:23]} 37. Rg2 {[%emt 0:0:16]} Rf7 {[%emt 0:0:0]} 38. e5 {[%emt 0:2:8]} dxe5 {[%emt 0:2:2]} 39. Qxe5 {[%emt 0:0:47]} Qg5 {[%emt 0:0:14]} 40. Qxg5 {[%emt 0:0:0]} hxg5 {[%emt 0:0:0]} 41. Re2 {[%emt 0:1:14]
} Rf4 {[%emt 0:1:19]} 1/2-1/2

[Event "RUS-chT Premier 2021"]
[White "Alekseenko,Kirill"]
[Black "Lobanov,Sergei"]
[WhiteTeam "Медный всадник"]
[BlackTeam "СШОР"]
[Site "Sochi"]
[Round "2.14"]
[Annotator "ChessBase"]
[Result "1/2-1/2"]
[Date "2021.05.02"]
[WhiteElo "2696"]
[BlackElo "2520"]
[PlyCount "86"]
[TimeControl "60"]

1. e4 {[%emt 0:0:0]} e5 {[%emt 0:0:0]} 2. Nf3 {[%emt 0:0:2]} Nc6 {[%emt 0:0:0]
} 3. Bb5 {[%emt 0:1:5]} a6 {[%emt 0:0:19]} 4. Ba4 {[%emt 0:0:0]} Bc5 {[%emt 0:3:17]} 5. c3 {[%emt 0:0:38]} Ba7 {[%emt 0:0:43]} 6. d4 {[%emt 0:3:32]
} Nf6 {[%emt 0:1:49]} 7. 0-0 {[%emt 0:4:5]} 0-0 {[%emt 0:0:0]} 8. d5 {[%emt 0:7:19]} Ne7 {[%emt 0:0:57]} 9. Nxe5 {[%emt 0:1:43]} d6 {[%emt 0:4:50]
} 10. Nf3 {[%emt 0:0:58]} Nxe4 {[%emt 0:0:28]} 11. Bc2 {[%emt 0:1:27]
} Nf6 {[%emt 0:3:37]} 12. c4 {[%emt 0:0:41]} b5 {[%emt 0:27:43]
} 13. b3 {[%emt 0:17:20]} bxc4 {[%emt 0:2:25]} 14. bxc4 {[%emt 0:0:7]} c6 {[%emt 0:1:5]
} 15. Bg5 {[%emt 0:10:17]} cxd5 {[%emt 0:8:24]} 16. Bxf6 {[%emt 0:0:33]
} gxf6 {[%emt 0:0:1]} 17. cxd5 {[%emt 0:0:30]} Qa5 {[%emt 0:0:0]} 18. Nbd2 {[%emt 0:3:37]} Bg4 {[%emt 0:10:57]} 19. h3 {[%emt 0:14:35]} Bh5 {[%emt 0:2:38]} 20. Re1 {[%emt 0:1:11]} Nxd5 {[%emt 0:8:2]} 21. Nb3 {[%emt 0:7:35]
} Qb6 {[%emt 0:4:32]} 22. Qxd5 {[%emt 0:6:38]} Qxf2+ {[%emt 0:0:0]} 23. Kh1 {[%emt 0:1:25]} Bxf3 {[%emt 0:0:9]} 24. Qxf3 {[%emt 0:6:47]
} Qxc2 {[%emt 0:0:4]} 25. Re4 {[%emt 0:1:20]} Qf2 {[%emt 0:0:39]} 26. Qd3 {[%emt 0:2:18]
} Rfe8 {[%emt 0:4:30]} 27. Nd4 {[%emt 0:2:26]} Bxd4 {[%emt 0:0:0]} 28. Rxd4 {[%emt 0:1:11]} Re1+ {[%emt 0:0:29]} 29. Rxe1 {[%emt 0:0:0]} Qxe1+ {[%emt 0:0:2]} 30. Kh2 {[%emt 0:0:4]} Qe5+ {[%emt 0:0:4]} 31. Qg3+ {[%emt 0:0:10]} Kf8 {[%emt 0:4:14]} 32. Rxd6 {[%emt 0:0:47]} Ke7 {[%emt 0:0:29]
} 33. Rb6 {[%emt 0:0:7]} a5 {[%emt 0:0:44]} 34. a4 {[%emt 0:0:0]} Rg8 {[%emt 0:2:11]} 35. Qxe5+ {[%emt 0:1:50]} fxe5 {[%emt 0:0:0]} 36. Ra6 {[%emt 0:0:21]} h5 {[%emt 0:1:19]} 37. Rxa5 {[%emt 0:0:53]} Ke6 {[%emt 0:0:2]
} 38. Ra6+ {[%emt 0:0:31]} Kf5 {[%emt 0:0:14]} 39. Rb6 {[%emt 0:1:46]
} Ra8 {[%emt 0:0:35]} 40. Rb4 {[%emt 0:0:0]} e4 {[%emt 0:0:0]} 41. g3 {[%emt 0:6:38]} Rd8 {[%emt 0:5:31]} 42. a5 {[%emt 0:8:4]} Rd2+ {[%emt 0:1:38]} 43. Kg1 {[%emt 0:0:5]} e3 {[%emt 0:8:14]} 1/2-1/2